NFL Receiving Leaders of the 1990s - Statistics

General Stats
  • This quiz has been taken 122 times
  • The average score is 55 of 100
Answer Stats
Yards Team Player % Correct
1,663 IND Marvin Harrison
98%
1,413 MIN Randy Moss
94%
1,313 MIN Randy Moss
94%
1,157 SFO Jerry Rice
93%
1,254 SFO Jerry Rice
93%
1,848 SFO Jerry Rice
93%
1,499 SFO Jerry Rice
93%
1,503 SFO Jerry Rice
93%
1,201 SFO Jerry Rice
93%
1,206 SFO Jerry Rice
93%
1,502 SFO Jerry Rice
93%
1,008 MIN Anthony Carter
89%
1,241 MIN Cris Carter
89%
1,163 MIN Cris Carter
89%
1,371 MIN Cris Carter
89%
1,256 MIN Cris Carter
89%
1,071 MIN Cris Carter
89%
1,636 JAX Jimmy Smith
89%
1,182 JAX Jimmy Smith
89%
1,324 JAX Jimmy Smith
89%
1,244 JAX Jimmy Smith
89%
1,222 DEN Rod Smith
89%
1,180 DEN Rod Smith
89%
1,303 BUF Andre Reed
85%
1,113 BUF Andre Reed
85%
1,320 MIN Jake Reed
85%
1,175 MIN Jake Reed
85%
1,180 DAL Michael Irvin
83%
1,603 DAL Michael Irvin
83%
1,241 DAL Michael Irvin
83%
1,330 DAL Michael Irvin
83%
1,396 DAL Michael Irvin
83%
1,523 DAL Michael Irvin
83%
995 DEN Shannon Sharpe
74%
1,274 GNB Sterling Sharpe
74%
1,461 GNB Sterling Sharpe
74%
1,105 GNB Sterling Sharpe
74%
1,344 OAK Tim Brown
74%
1,408 OAK Tim Brown
74%
1,342 OAK Tim Brown
74%
1,309 RAI Tim Brown
74%
1,180 RAI Tim Brown
74%
1,338 STL Isaac Bruce
73%
1,781 STL Isaac Bruce
73%
1,131 NYJ Keyshawn Johnson
73%
1,424 GNB Antonio Freeman
64%
1,243 GNB Antonio Freeman
64%
1,293 DET Herman Moore
64%
1,296 DET Herman Moore
64%
1,686 DET Herman Moore
64%
966 DET Herman Moore
64%
1,584 ARI Rob Moore
64%
1,242 ATL Andre Rison
61%
1,119 ATL Andre Rison
61%
1,208 ATL Andre Rison
61%
1,253 CAR Muhsin Muhammad
60%
1,053 MIA Mark Clayton
58%
1,085 MIA Mark Duper
51%
1,201 BAL Michael Jackson
48%
1,183 NYG Amani Toomer
43%
1,340 WAS Gary Clark
35%
1,112 WAS Gary Clark
35%
1,368 BUF Eric Moulds
33%
1,316 PHI Irving Fryar
33%
1,195 PHI Irving Fryar
33%
1,270 MIA Irving Fryar
33%
1,010 MIA Irving Fryar
33%
1,164 JAX Keenan McCardell
32%
1,181 HOU Haywood Jeffires
31%
1,048 HOU Haywood Jeffires
31%
1,072 BUF James Lofton
27%
1,145 ARI Frank Sanders
25%
1,397 WAS Henry Ellard
25%
1,294 RAM Henry Ellard
25%
1,097 RAM Flipper Anderson
21%
1,497 GNB Robert Brooks
20%
1,488 DET Brett Perriman
19%
1,180 CIN Carl Pickens
19%
1,400 CHI Marcus Robinson
18%
1,109 HOU Drew Hill
17%
1,019 HOU Drew Hill
17%
1,041 NOR Eric Martin
17%
1,181 ATL Tony Martin
17%
1,171 SDG Tony Martin
17%
1,162 SDG Anthony Miller
14%
1,060 SDG Anthony Miller
14%
1,174 NWE Ben Coates
12%
1,398 PIT Yancey Thigpen
12%
1,307 PIT Yancey Thigpen
12%
1,191 WAS Michael Westbrook
11%
1,136 ATL Terence Mathis
11%
1,342 ATL Terence Mathis
11%
954 HOU Curtis Duncan
7%
1,021 KAN Stephone Paige
7%
1,083 PHI Fred Barnett
5%
1,122 ATL Michael Haynes
4%
914 SDG Ronnie Harmon
4%
1,338 DET Germane Crowell
2%
1,038 IND Reggie Langhorne
2%
1,301 CHI Jeff Graham
1%
No matching quizzes found
Score Distribution
Percent of People with Each Score
Percentile by Number Answered
Your Score History
You have not taken this quiz